00613nam a22002057a 4500003000500000005001700005008004100022010001000063011001000073035001000083040000900093100002600102245008500128260008400213300001900297650002700316650002300343700002000366700002100386CHAP20220329140327.0971013s1984 r 00010 d a50447 a51419 a55569 cCHAP00aVillegas, Evangelina. aChemical methods used at CIMMYT for determining protein quality in cereal grains aMéxico, D.F. :bCentro Internacional de Mejoramiento de Maíz y Trigo,c1984 a35 p.b: ilus.14aCerealesxProteínas.14aQuímica vegetal.0 aBauer, Reinald.0 aOrtega, Enrique.